|
|
|
|
| LEADER |
00000nab a2200000 a 4500 |
| 001 |
vtls000894459 |
| 003 |
SK-MaSNL |
| 005 |
20260302175632.0 |
| 008 |
040720e19970418xo 0 slo |
| 035 |
|
|
|a KE3493
|
| 040 |
|
|
|a KEVKJB
|b slo
|c KEVKJB
|e AACR2
|
| 041 |
0 |
|
|a slo
|
| 044 |
|
|
|a xo
|c SK
|
| 080 |
|
|
|a 394.9
|2 1981
|
| 080 |
|
|
|a 929
|2 1981
|
| 100 |
1 |
|
|a Macko, Boris
|4 aut
|9 857682
|
| 245 |
1 |
0 |
|a "V Rakúsku sú málo príjemní ľudia"
|b Zaujímavý názor veľvyslankyne Gabriely Matzer-Holzerovej
|
| 590 |
|
|
|a Matzner-Holzerová, Gabriela
|b rakúska veľvyslankyňa
|
| 600 |
1 |
7 |
|a Matzner-Holzerová, Gabriela
|2 KEVKJB
|9 885999
|
| 650 |
0 |
7 |
|a návštevy zahraničné
|2 KEVKJB
|9 873759
|
| 650 |
0 |
7 |
|a program návštevy
|2 KEVKJB
|9 879204
|
| 650 |
0 |
7 |
|a informácie
|2 KEVKJB
|9 1285
|
| 651 |
|
7 |
|a Košice (Slovensko)
|2 KEVKJB
|9 18694
|
| 651 |
|
7 |
|a KE,
|2 KEVKJB
|9 877256
|
| 651 |
|
7 |
|a KE,
|2 KEVKJB
|9 877256
|
| 655 |
|
7 |
|a periodikum
|2 snkbucl
|9 29553
|
| 773 |
0 |
8 |
|t Košický večer
|g Roč. 8
|g Roč. 29, č.74, 18.4.1997, s. 1
|
| 852 |
|
|
|a ZVYKNI
|b KIS3GCP
|
| 999 |
|
|
|c 1407751
|d 1409681
|